Bristol Cars Over Time Quiz Stats

 Plays Quiz not verified by Sporcle

Score 0/12 Timer 03:00
0 Plays Today
% Correct
Bristol Bullet
72.5%
Bristol Fighter
69.5%
Bristol 400
60.3%
Bristol 411 Series 5
59.5%
Bristol 403
58.8%
Bristol 407 Zagato
55.7%
Bristol 410
52.7%
Bristol 405
49.6%
Bristol Blenheim 3S
48.9%
Bristol 406
48.1%
Bristol 412
45%
Bristol 603
41.2%

You're not logged in!

Compare scores with friends on all Sporcle quizzes.
OR
Log In

Sporcle TV

Today on Sporcle TV


Watch our educational content, quiz creation guides, and fun videos on Sporcle TV.

Show Comments

Extras

Top Quizzes Today


Score Distribution

Your Account Isn't Verified!

In order to create a playlist on Sporcle, you need to verify the email address you used during registration. Go to your Sporcle Settings to finish the process.

Report this User

Report this user for behavior that violates our Community Guidelines.

Details: